[Event "Fajr op 20th"]
[Site "Tabriz"]
[Date "2012.01.17"]
[Round "7"]
[White "Aryanejad, Hossein"]
[Black "Mazhari, Mohammad"]
[Result "1/2-1/2"]
[WhiteElo "2234"]
[BlackElo "1932"]
[PlyCount "75"]
[EventDate "2012.01.12"]
[EventType "swiss"]
[EventRounds "11"]
[EventCountry "IRI"]
[SourceTitle "CBM 146 Extra"]
[Source "ChessBase"]
[SourceDate "2012.02.29"]
[SourceVersion "1"]
[SourceVersionDate "2012.02.29"]
[SourceQuality "1"]

1. e4 e6 2. d3 d5 3. Nd2 Nf6 4. Ngf3 b6 5. e5 Nfd7 6. g3 c5 7. Bg2 Qc7 8. 0-0 Nc6 9. Re1 Ndxe5 10. Nxe5 Nxe5 11. f4 Nc6 12. Bxd5 Be7 13. Bg2 Bb7 14. Nc4 0-0 15. Ne5 Rad8 16. Nxc6 Bxc6 17. Qe2 Bf6 18. Rb1 Bxg2 19. Kxg2 Qc6+ 20. Qe4 Rd5 21. b3 Bc3 22. Re2 Qd7 23. Bb2 Rd4 24. Qf3 Bxb2 25. Rxb2 b5 26. Rb1 c4 27. dxc4 bxc4 28. Rbe1 cxb3 29. axb3 Rc8 30. c4 g6 31. Re4 Rb8 32. Rxd4 Qxd4 33. Re3 a5 34. Rc3 Qd2+ 35. Kh3 a4 36. Rd3 Qc2 37. Rc3 Qd2 38. Rd3 1/2-1/2

[Event "Paris-ch op-B"]
[Site "Paris"]
[Date "2009.07.12"]
[Round "9"]
[White "Mazhari, Mohammad"]
[Black "De Mersseman, Eric"]
[Result "1-0"]
[WhiteElo "1849"]
[BlackElo "1809"]
[PlyCount "75"]
[EventDate "2009.07.04"]
[EventType "swiss"]
[EventRounds "9"]
[EventCountry "FRA"]
[SourceTitle "EXT 2010"]
[Source "ChessBase"]
[SourceDate "2010.11.25"]
[SourceVersion "1"]
[SourceVersionDate "2010.11.25"]
[SourceQuality "1"]

1. a3 Nf6 2. e3 d5 3. b4 c6 4. Bb2 Bf5 5. c4 dxc4 6. Bxc4 Bd3 7. Qb3 Bxc4 8. Qxc4 Qd5 9. Qxd5 Nxd5 10. Nc3 e6 11. Nge2 Nd7 12. Ne4 f6 13. Nd4 Kf7 14. Rc1 a5 15. b5 c5 16. Nf3 Be7 17. Ke2 Rac8 18. d3 Rhd8 19. Nfd2 f5 20. Nc3 Bf6 21. Nc4 b6 22. Nd6+ Ke7 23. Nxc8+ Rxc8 24. Nxd5+ exd5 25. Bxf6+ Nxf6 26. f3 Re8 27. g4 fxg4 28. fxg4 g6 29. h3 Rf8 30. Rhf1 Nd7 31. Rxf8 Kxf8 32. g5 Ke7 33. Rf1 Ke6 34. h4 Ke7 35. d4 c4 36. h5 Ke8 37. hxg6 hxg6 38. e4 1-0

[Event "Paris-ch op-B"]
[Site "Paris"]
[Date "2009.07.05"]
[Round "2"]
[White "Colot, Laurent"]
[Black "Mazhari, Mohammad"]
[Result "0-1"]
[WhiteElo "1650"]
[BlackElo "1849"]
[PlyCount "70"]
[EventDate "2009.07.04"]
[EventType "swiss"]
[EventRounds "9"]
[EventCountry "FRA"]
[SourceTitle "EXT 2010"]
[Source "ChessBase"]
[SourceDate "2010.11.25"]
[SourceVersion "1"]
[SourceVersionDate "2010.11.25"]
[SourceQuality "1"]

1. e4 e6 2. d4 d5 3. Nd2 Nf6 4. e5 Nfd7 5. f4 c5 6. c3 Nc6 7. Ngf3 Qb6 8. Qb3 cxd4 9. cxd4 Nxd4 10. Qxb6 Nxf3+ 11. Nxf3 Nxb6 12. a3 Be7 13. Bd3 0-0 14. 0-0 Bd7 15. g4 Rfc8 16. Kh1 Bc6 17. Nd4 Bc5 18. Nxc6 Rxc6 19. Rf3 Rac8 20. Rh3 g6 21. f5 Bd4 22. Bh6 Bxe5 23. fxg6 hxg6 24. Rf1 Bxb2 25. Rxf7 Kxf7 26. Rf3+ Ke7 27. Bxg6 Nd7 28. Rf7+ Kd6 29. Rf2 Bc1 30. g5 Ne5 31. Bh5 Rc2 32. Rf6 Ra2 33. Bf8+ Kd7 34. g6 Bf4 35. g7 Rc1+ 0-1